| 000 | 02125nam a2200313Ia 4500 | ||
|---|---|---|---|
| 999 |
_c55584 _d55584 |
||
| 001 | 22666 | ||
| 003 | GE_BSU | ||
| 005 | 20230411105132.0 | ||
| 008 | 181216s ||||ge |||||||||||||| || || | ||
| 020 | _a9789941275937 | ||
| 040 | _cGE_BSU | ||
| 041 | _ageo | ||
| 080 | _a821.112.2(092ბიოლი) ჰ-22 | ||
| 245 |
_aჰაინრიჰ ბიოლი - 100 : _bმწერალი და მოქალაქე / _cრედ. : ნინო ლეჟავა, ლუკა ნახუცრიშვილი, ბიძინა რამიშვილი. |
||
| 264 |
_aთბილისი : _bჰაინრიჰ ბიოლის ფონდის სამხრეთ კავკასიის რეგიონული ბიურო (შპს სეზანი), _c2017. |
||
| 300 |
_a282 გვ. : _bფოტ. ; _c23 სმ. |
||
| 500 | _aფოტო გარეკანზე : ჰაინრიჰ ბიოლი და ნოდარ კაკაბაძე მის სამუშაო ოთახში, 1966 წ. (ჰაინრიჰ ბიოლის ფონდის არქივი) | ||
| 504 | _aბიბლიოგრ. : გვ. 269-279 | ||
| 520 | _aფოტო გარეკანზე: ჰაინრიჰ ბიოლი და ნოდარ კაკაბაძე მის სამუშაო ოთახში, 1966 წ. (ჰაინრიჰ ბიოლის ფონდის არქივი). | ||
| 541 | _h5ლ. | ||
| 653 | _aბიოლი, ჰაინრიჰ 1917-1985 | ||
| 653 | _aგერმანელი მწერლები | ||
| 653 | _aლიტერატურა | ||
| 653 | _aჰაინრიჰ ბიოლი - 100 მწერალი და მოქალაქე | ||
| 700 |
_aლეჟავა, ნინო _eრედაქტორი _96379 |
||
| 700 |
_aნახუცრიშვილი, ლუკა _eრედაქტორი _95466 |
||
| 700 |
_aრამიშვილი, ბიძინა _eრედაქტორი _917604 |
||
| 942 |
_cBK _2udc |
||